[Event "Winnipeg Spring op"]
[Site "Winnipeg CAN"]
[Date "1999.03.19"]
[Round "1"]
[White "Trueman, Francis"]
[Black "Khedkar, Jay S"]
[Result "0-1"]
[WhiteElo "1481"]
[BlackElo "1927"]
[PlyCount "53"]
[GameId "2160767911805389"]
[EventDate "1999.03.19"]
[EventType "swiss"]
[EventRounds "5"]
[EventCountry "CAN"]
[SourceTitle "EXT 2022"]
[Source "ChessBase"]
[SourceDate "2021.10.06"]
[SourceVersion "1"]
[SourceVersionDate "2021.10.06"]
[SourceQuality "1"]

1. Nf3 Nf6 2. d3 c5 3. g3 Nc6 4. Bg2 d5 5. O-O e5 6. Nbd2 Be7 7. Re1 O-O 8. e4 d4 9. a4 Ne8 10. Nc4 f6 11. c3 Be6 12. Nh4 Qd7 13. Qh5 dxc3 14. bxc3 Qxd3 15. Na3 Qxc3 16. Be3 Nd4 17. Rec1 Qd3 18. Rd1 Qa6 19. f4 Qxa4 20. fxe5 Nb3 21. Nf5 Bxf5 22. exf5 Nxa1 23. Bd5+ Kh8 24. Rxa1 c4 25. Bf7 Rxf7 26. Qxf7 Bxa3 27. Bc5 0-1

[Event "Winnipeg Spring op"]
[Site "Winnipeg CAN"]
[Date "1999.03.20"]
[Round "2"]
[White "Khedkar, Jay S"]
[Black "Sadov, Sergey"]
[Result "1-0"]
[WhiteElo "1927"]
[BlackElo "2034"]
[PlyCount "55"]
[GameId "2160767911805390"]
[EventDate "1999.03.19"]
[EventType "swiss"]
[EventRounds "5"]
[EventCountry "CAN"]
[SourceTitle "EXT 2022"]
[Source "ChessBase"]
[SourceDate "2021.10.06"]
[SourceVersion "1"]
[SourceVersionDate "2021.10.06"]
[SourceQuality "1"]

1. e4 d5 2. d4 dxe4 3. Nc3 Nf6 4. f3 exf3 5. Nxf3 e6 6. Bc4 Be7 7. O-O O-O 8. Ne5 a6 9. a4 Nc6 10. Nxc6 bxc6 11. Be3 Nd5 12. Nxd5 cxd5 13. Bd3 f5 14. Qh5 Rb8 15. b3 Bf6 16. Rf3 g6 17. Qh6 Qe7 18. Rh3 Qg7 19. Qxg7+ Kxg7 20. Rf1 h5 21. Rhf3 g5 22. Rb1 f4 23. Bf2 e5 24. dxe5 Bxe5 25. Bc5 Rf7 26. Re1 Kf6 27. Rff1 Bb7 28. Rxe5 1-0

[Event "Winnipeg Spring op"]
[Site "Winnipeg CAN"]
[Date "1999.03.20"]
[Round "2"]
[White "Magyar, Peter"]
[Black "Gibson, Kris"]
[Result "0-1"]
[WhiteElo "1485"]
[BlackElo "1746"]
[PlyCount "100"]
[GameId "2160767911805391"]
[EventDate "1999.03.19"]
[EventType "swiss"]
[EventRounds "5"]
[EventCountry "CAN"]
[SourceTitle "EXT 2022"]
[Source "ChessBase"]
[SourceDate "2021.10.06"]
[SourceVersion "1"]
[SourceVersionDate "2021.10.06"]
[SourceQuality "1"]

1. e4 c5 2. Nc3 Nc6 3. g3 g6 4. Bg2 Bg7 5. d3 d6 6. f4 e6 7. Nf3 Nf6 8. O-O O-O 9. Be3 a6 10. e5 Ng4 11. Bd2 dxe5 12. Nxe5 Ngxe5 13. fxe5 Bxe5 14. Rb1 Ne7 15. Kh1 Nf5 16. Ne4 Bd7 17. Nxc5 Bc6 18. Bxc6 bxc6 19. Ne4 Rb8 20. Qc1 Nd4 21. Bc3 f5 22. Bxd4 Bxd4 23. Ng5 Qd5+ 24. Nf3 f4 25. c4 Qd6 26. Nxd4 Qxd4 27. Rxf4 Qxd3 28. Qd1 Qxd1+ 29. Rxd1 Rxf4 30. gxf4 Rxb2 31. Rd6 Kf7 32. Rxc6 Rxa2 33. c5 h5 34. Rb6 Rc2 35. c6 a5 36. Rb7+ Kf6 37. c7 a4 38. Ra7 a3 39. Rxa3 Rxc7 40. Re3 Rc4 41. Kg2 Rxf4 42. Kg3 e5 43. h4 Kf5 44. Rc3 Rg4+ 45. Kh3 e4 46. Rc8 Kf4 47. Rf8+ Ke3 48. Re8 Kf3 49. Rf8+ Rf4 50. Rg8 Rf6 0-1

[Event "Winnipeg Spring op"]
[Site "Winnipeg CAN"]
[Date "1999.03.20"]
[Round "2"]
[White "Matwychuk, Norman"]
[Black "Trueman, Francis"]
[Result "1/2-1/2"]
[WhiteElo "1380"]
[BlackElo "1481"]
[PlyCount "81"]
[GameId "2160767911805392"]
[EventDate "1999.03.19"]
[EventType "swiss"]
[EventRounds "5"]
[EventCountry "CAN"]
[SourceTitle "EXT 2022"]
[Source "ChessBase"]
[SourceDate "2021.10.06"]
[SourceVersion "1"]
[SourceVersionDate "2021.10.06"]
[SourceQuality "1"]

1. e4 c6 2. d3 d5 3. Nd2 dxe4 4. Nxe4 Nd7 5. Nf3 Ngf6 6. g3 e6 7. Bg2 Nxe4 8. dxe4 g6 9. e5 Bg7 10. Qe2 Nxe5 11. O-O Nxf3+ 12. Qxf3 O-O 13. c3 Qc7 14. Be3 Bd7 15. Rad1 Rad8 16. Rd2 e5 17. Rfd1 h5 18. h4 Bg4 19. Rxd8 Bxf3 20. Rxf8+ Bxf8 21. Bxf3 Kh7 22. Bg5 Be7 23. Be3 Bd6 24. Bg5 Kg7 25. Kg2 f6 26. Be3 Be7 27. Be2 Bd6 28. Bc4 b6 29. a4 a5 30. Be2 Be7 31. Bc4 Bc5 32. Be6 Bxe3 33. Rd7+ Qxd7 34. Bxd7 Bc1 35. b3 c5 36. c4 Kh6 37. Bc6 f5 38. Kf3 e4+ 39. Ke2 g5 40. f3 gxh4 41. gxh4 1/2-1/2

[Event "Winnipeg Spring op"]
[Site "Winnipeg CAN"]
[Date "1999.03.20"]
[Round "3"]
[White "Gibson, Kris"]
[Black "Khedkar, Jay S"]
[Result "0-1"]
[WhiteElo "1746"]
[BlackElo "1927"]
[PlyCount "90"]
[GameId "2160767911805393"]
[EventDate "1999.03.19"]
[EventType "swiss"]
[EventRounds "5"]
[EventCountry "CAN"]
[SourceTitle "EXT 2022"]
[Source "ChessBase"]
[SourceDate "2021.10.06"]
[SourceVersion "1"]
[SourceVersionDate "2021.10.06"]
[SourceQuality "1"]

1. e4 c5 2. Nf3 d6 3. d4 cxd4 4. Nxd4 Nf6 5. Nc3 a6 6. Bg5 e6 7. Bc4 Be7 8. f4 b5 9. Bxf6 bxc4 10. Bxe7 Qxe7 11. Qe2 Qc7 12. f5 O-O 13. f6 Nd7 14. fxg7 Re8 15. Rf1 Ne5 16. Nf3 d5 17. Ng5 Kxg7 18. Qh5 h6 19. Nf3 Ng6 20. e5 Qb6 21. Nh4 Qe3+ 22. Ne2 Qxe5 23. Rxf7+ Kxf7 24. Qxg6+ Ke7 25. Qxh6 Kd6 26. Nf3 Qxb2 27. Rd1 Bd7 28. c3 Rf8 29. Qe3 Rf5 30. Ned4 Re8 31. g4 Rf7 32. Qe5+ Ke7 33. Nf5+ Kd8 34. N5h4 Qb6 35. Qg5+ Kc8 36. Qd2 Qd6 37. Qd4 Ref8 38. Qa7 Ba4 39. Qa8+ Kd7 40. Qa7+ Ke8 41. Qa8+ Ke7 42. Ng6+ Kf6 43. Nxf8 Rxf8 44. Qa7 Bxd1 45. g5+ Kg6 0-1

[Event "Winnipeg Spring op"]
[Site "Winnipeg CAN"]
[Date "1999.03.20"]
[Round "3"]
[White "Matwychuk, Norman"]
[Black "Magyar, Peter"]
[Result "1/2-1/2"]
[WhiteElo "1380"]
[BlackElo "1485"]
[PlyCount "41"]
[GameId "2160767911805394"]
[EventDate "1999.03.19"]
[EventType "swiss"]
[EventRounds "5"]
[EventCountry "CAN"]
[SourceTitle "EXT 2022"]
[Source "ChessBase"]
[SourceDate "2021.10.06"]
[SourceVersion "1"]
[SourceVersionDate "2021.10.06"]
[SourceQuality "1"]

1. e4 e6 2. d4 c5 3. Nf3 cxd4 4. Nxd4 Nf6 5. e5 Qa5+ 6. c3 Qxe5+ 7. Qe2 Qxe2+ 8. Bxe2 Be7 9. Nb5 Na6 10. Bg5 O-O 11. O-O d5 12. Nd2 Bd7 13. b4 Bxb5 14. Bxb5 Rac8 15. Bxa6 bxa6 16. Rac1 h6 17. Be3 Rc7 18. Bf4 Rc6 19. Rfe1 Rfc8 20. Re3 Nh5 21. Be5 1/2-1/2

[Event "Winnipeg Spring op"]
[Site "Winnipeg CAN"]
[Date "1999.03.20"]
[Round "3"]
[White "Schulz, Waldemar"]
[Black "Sadov, Sergey"]
[Result "1/2-1/2"]
[WhiteElo "2085"]
[BlackElo "2034"]
[PlyCount "62"]
[GameId "2160767911805395"]
[EventDate "1999.03.19"]
[EventType "swiss"]
[EventRounds "5"]
[EventCountry "CAN"]
[SourceTitle "EXT 2022"]
[Source "ChessBase"]
[SourceDate "2021.10.06"]
[SourceVersion "1"]
[SourceVersionDate "2021.10.06"]
[SourceQuality "1"]

1. Nf3 Nf6 2. g3 d5 3. Bg2 e6 4. O-O Be7 5. d4 O-O 6. c4 dxc4 7. Nbd2 c5 8. dxc5 Na6 9. c6 Nb4 10. Ne5 Nxc6 11. Nxc6 bxc6 12. Nxc4 Nd5 13. Bd2 Ba6 14. Rc1 Rb8 15. Ba5 Qc8 16. b3 Bxc4 17. Rxc4 Qa6 18. Ra4 Qb5 19. Qc2 c5 20. Rd1 Nb6 21. Bxb6 axb6 22. Ra7 Bf6 23. Be4 g6 24. Bd3 Qb4 25. a3 Qc3 26. Qxc3 Bxc3 27. Bb5 Ra8 28. Rxa8 Rxa8 29. a4 Bd4 30. e3 Bf6 31. Rd6 Rb8 1/2-1/2

[Event "Winnipeg Spring op"]
[Site "Winnipeg CAN"]
[Date "1999.03.20"]
[Round "3"]
[White "Trueman, Francis"]
[Black "Charter, Bennet"]
[Result "0-1"]
[WhiteElo "1481"]
[BlackElo "1651"]
[PlyCount "66"]
[GameId "2160767911805396"]
[EventDate "1999.03.19"]
[EventType "swiss"]
[EventRounds "5"]
[EventCountry "CAN"]
[SourceTitle "EXT 2022"]
[Source "ChessBase"]
[SourceDate "2021.10.06"]
[SourceVersion "1"]
[SourceVersionDate "2021.10.06"]
[SourceQuality "1"]

1. Nf3 d5 2. g3 Nf6 3. d3 c5 4. Bg2 Nc6 5. Nbd2 e5 6. O-O Be7 7. e4 dxe4 8. dxe4 Bg4 9. h3 Bh5 10. c3 O-O 11. Qc2 Qd7 12. a4 Rfd8 13. Nc4 Bxf3 14. Bxf3 Qxh3 15. Ne3 Qd7 16. Nf5 Qd3 17. Qxd3 Rxd3 18. Kg2 Rad8 19. Bg5 R3d7 20. Be3 b6 21. g4 Na5 22. g5 Ne8 23. Rh1 Nb3 24. Rad1 Nd6 25. Rd5 Nxf5 26. Rxd7 Nxe3+ 27. fxe3 Rxd7 28. Bd1 Rd2+ 29. Kf3 Rxb2 30. Rg1 Nd2+ 31. Kg4 Nxe4 32. Rf1 Rf2 33. Rh1 Bxg5 0-1

[Event "Winnipeg Spring op"]
[Site "Winnipeg CAN"]
[Date "1999.03.21"]
[Round "4"]
[White "Charter, Bennet"]
[Black "Khedkar, Jay S"]
[Result "1/2-1/2"]
[WhiteElo "1651"]
[BlackElo "1927"]
[PlyCount "63"]
[GameId "2160767911805397"]
[EventDate "1999.03.19"]
[EventType "swiss"]
[EventRounds "5"]
[EventCountry "CAN"]
[SourceTitle "EXT 2022"]
[Source "ChessBase"]
[SourceDate "2021.10.06"]
[SourceVersion "1"]
[SourceVersionDate "2021.10.06"]
[SourceQuality "1"]

1. e4 c5 2. Nf3 d6 3. d4 cxd4 4. Nxd4 Nf6 5. Nc3 a6 6. Bg5 e6 7. f4 Nbd7 8. Bc4 Qc7 9. Bb3 b5 10. a3 Bb7 11. Bxf6 Nxf6 12. Qe2 Be7 13. O-O-O O-O 14. Bxe6 fxe6 15. Nxe6 Qc4 16. Qxc4 bxc4 17. Nxf8 Rxf8 18. Rhe1 Rc8 19. e5 dxe5 20. fxe5 Ng4 21. Nd5 Bg5+ 22. Kb1 Rd8 23. Nf6+ Bxf6 24. exf6 Rxd1+ 25. Rxd1 Nxf6 26. g3 Bd5 27. Rd4 Kf7 28. Kc1 Ke6 29. Kd2 Ke5 30. c3 Ne4+ 31. Ke3 Nc5 32. Rh4 1/2-1/2

[Event "Winnipeg Spring op"]
[Site "Winnipeg CAN"]
[Date "1999.03.21"]
[Round "4"]
[White "Magyar, Peter"]
[Black "Trueman, Francis"]
[Result "1/2-1/2"]
[WhiteElo "1485"]
[BlackElo "1481"]
[PlyCount "58"]
[GameId "2160767911805398"]
[EventDate "1999.03.19"]
[EventType "swiss"]
[EventRounds "5"]
[EventCountry "CAN"]
[SourceTitle "EXT 2022"]
[Source "ChessBase"]
[SourceDate "2021.10.06"]
[SourceVersion "1"]
[SourceVersionDate "2021.10.06"]
[SourceQuality "1"]

1. e4 c6 2. d4 d5 3. exd5 cxd5 4. c4 Nf6 5. Nc3 Be6 6. Bf4 dxc4 7. Bxc4 Bxc4 8. Qa4+ Nc6 9. Qxc4 Qb6 10. Nb5 e5 11. dxe5 Ng4 12. Bg3 Bb4+ 13. Ke2 O-O 14. Nf3 Rad8 15. Rhd1 Rc8 16. Kf1 Ncxe5 17. Qxb4 Nxf3 18. Rd6 Nfxh2+ 19. Kg1 Rc6 20. Rd4 Rh6 21. Re1 Rc8 22. Qe7 Re6 23. Qb4 Rxe1+ 24. Qxe1 Qxb5 25. Bxh2 Re8 26. Qd1 h6 27. Rxg4 Qa5 28. Kf1 Qb5+ 29. Kg1 Qa5 1/2-1/2

[Event "Winnipeg Spring op"]
[Site "Winnipeg CAN"]
[Date "1999.03.21"]
[Round "4"]
[White "Matwychuk, Norman"]
[Black "Gibson, Kris"]
[Result "1-0"]
[WhiteElo "1380"]
[BlackElo "1746"]
[PlyCount "83"]
[GameId "2160767911805399"]
[EventDate "1999.03.19"]
[EventType "swiss"]
[EventRounds "5"]
[EventCountry "CAN"]
[SourceTitle "EXT 2022"]
[Source "ChessBase"]
[SourceDate "2021.10.06"]
[SourceVersion "1"]
[SourceVersionDate "2021.10.06"]
[SourceQuality "1"]

1. e4 e5 2. Nc3 Nc6 3. Bc4 Nf6 4. a3 a5 5. Nf3 Bc5 6. O-O d6 7. h3 h5 8. d3 Ng4 9. Bg5 f6 10. Bd2 g5 11. Nd5 Nxf2 12. Rxf2 g4 13. Be3 g3 14. Rf1 Bxe3+ 15. Nxe3 Ne7 16. d4 Ng6 17. Ng5 Nf4 18. Nf7 Qe7 19. Nxh8 Be6 20. Bxe6 Qxe6 21. d5 Nxh3+ 22. Kh1 Qg8 23. Qxh5+ Ke7 24. Qxh3 Rf8 25. Qe6+ Qxe6 26. dxe6 Rxh8+ 27. Kg1 Kxe6 28. Nd5 c6 29. Rxf6+ Kd7 30. Nc3 b5 31. Rf7+ Ke8 32. Raf1 b4 33. axb4 axb4 34. Na4 d5 35. exd5 cxd5 36. Nb6 d4 37. Rd7 Rh6 38. Rb7 Rc6 39. Rff7 Rxc2 40. Nd5 Rc1+ 41. Rf1 Rc2 42. Re7+ 1-0

[Event "Winnipeg Spring op"]
[Site "Winnipeg CAN"]
[Date "1999.03.21"]
[Round "5"]
[White "Gibson, Kris"]
[Black "Trueman, Francis"]
[Result "1/2-1/2"]
[WhiteElo "1481"]
[BlackElo "1746"]
[PlyCount "105"]
[GameId "2160767911805400"]
[EventDate "1999.03.19"]
[EventType "swiss"]
[EventRounds "5"]
[EventCountry "CAN"]
[SourceTitle "EXT 2022"]
[Source "ChessBase"]
[SourceDate "2021.10.06"]
[SourceVersion "1"]
[SourceVersionDate "2021.10.06"]
[SourceQuality "1"]

1. e4 c6 2. Nf3 d5 3. exd5 cxd5 4. d4 Nf6 5. Bd3 Nc6 6. O-O Bg4 7. c3 e6 8. Bg5 Qb6 9. Nbd2 Be7 10. h3 Bxf3 11. Nxf3 O-O 12. Qc2 Rac8 13. Bxf6 Bxf6 14. Bxh7+ Kh8 15. Qd3 g6 16. Bxg6 fxg6 17. Qxg6 Rc7 18. Rae1 Ne7 19. Qh6+ Kg8 20. Rxe6 Qxe6 21. Ng5 Qf5 22. g4 Qg6 23. Qxg6+ Nxg6 24. Ne6 Re7 25. Nxf8 Kxf8 26. f4 Re3 27. g5 Bd8 28. f5 Nh4 29. g6 Kg7 30. f6+ Bxf6 31. Rf4 Rg3+ 32. Kf1 Rxg6 33. Rg4 Rg5 34. Rxg5+ Bxg5 35. Ke2 Ng6 36. Kd3 b5 37. Kc2 Nf4 38. Kb3 a5 39. a4 b4 40. cxb4 Bd8 41. Kc3 Bb6 42. bxa5 Bxa5+ 43. b4 Bb6 44. a5 Bc7 45. h4 Ne6 46. Kd3 Kg6 47. Kd2 Nxd4 48. Ke3 Nf5+ 49. Kd3 Ne7 50. Kd4 Nc6+ 51. Kxd5 Nxb4+ 52. Kc5 Na6+ 53. Kb5 1/2-1/2

[Event "Winnipeg Spring op"]
[Site "Winnipeg CAN"]
[Date "1999.03.21"]
[Round "5"]
[White "Khedkar, Jay S"]
[Black "Matwychuk, Norman"]
[Result "1/2-1/2"]
[WhiteElo "1927"]
[BlackElo "1380"]
[PlyCount "36"]
[GameId "2160767911805401"]
[EventDate "1999.03.19"]
[EventType "swiss"]
[EventRounds "5"]
[EventCountry "CAN"]
[SourceTitle "EXT 2022"]
[Source "ChessBase"]
[SourceDate "2021.10.06"]
[SourceVersion "1"]
[SourceVersionDate "2021.10.06"]
[SourceQuality "1"]

1. e4 e6 2. d4 d5 3. Nd2 Nf6 4. e5 Nfd7 5. Bd3 c5 6. c3 Nc6 7. Ne2 Qb6 8. Nf3 cxd4 9. cxd4 f6 10. Nf4 Bb4+ 11. Kf1 Nd8 12. Be3 O-O 13. Rc1 Re8 14. Bxh7+ Kxh7 15. Ng5+ Kg8 16. Qh5 fxg5 17. Qxe8+ Nf8 18. Ng6 Bd7 1/2-1/2

[Event "Winnipeg Spring op"]
[Site "Winnipeg CAN"]
[Date "1999.03.21"]
[Round "5"]
[White "Magyar, Peter"]
[Black "Charter, Bennet"]
[Result "1/2-1/2"]
[WhiteElo "1485"]
[BlackElo "1651"]
[PlyCount "82"]
[GameId "2160767911805402"]
[EventDate "1999.03.19"]
[EventType "swiss"]
[EventRounds "5"]
[EventCountry "CAN"]
[SourceTitle "EXT 2022"]
[Source "ChessBase"]
[SourceDate "2021.10.06"]
[SourceVersion "1"]
[SourceVersionDate "2021.10.06"]
[SourceQuality "1"]

1. e4 e6 2. d4 d5 3. Nd2 Nf6 4. e5 Nfd7 5. Bd3 c5 6. c3 Nc6 7. Ne2 cxd4 8. cxd4 f6 9. Nf4 Qe7 10. Qh5+ Qf7 11. Bg6 hxg6 12. Qxh8 Nxd4 13. O-O Nxe5 14. Qh3 Nec6 15. Qd3 e5 16. Nxd5 Qxd5 17. Qxg6+ Qf7 18. Qxf7+ Kxf7 19. Ne4 Bf5 20. f3 Rd8 21. Rf2 Bxe4 22. fxe4 Bc5 23. Kf1 Nb4 24. Rd2 Nbc2 25. Rb1 Bb6 26. Rf2 Nb4 27. b3 Ndc2 28. Rd2 Ne3+ 29. Ke2 Nxg2 30. Rxd8 Bxd8 31. Bd2 Nf4+ 32. Kf3 Nbd3 33. Bxf4 Nxf4 34. a4 Ke6 35. Rc1 g5 36. Kg4 Nd3 37. Rc2 Bb6 38. Rc8 Nc5 39. a5 Bxa5 40. Rxc5 Bd8 41. Rc8 Kd7 1/2-1/2

[Event "Winnipeg TNT April op"]
[Site "Winnipeg CAN"]
[Date "1999.04.06"]
[Round "1"]
[White "Charter, Bennet"]
[Black "Czypinski, Jaroslaw"]
[Result "0-1"]
[WhiteElo "1651"]
[BlackElo "1954"]
[PlyCount "56"]
[GameId "2160767911805217"]
[EventDate "1999.04.06"]
[EventType "swiss"]
[EventRounds "4"]
[EventCountry "CAN"]

1. e4 e5 2. Nf3 Nc6 3. Bb5 Nd4 4. Nxd4 exd4 5. O-O c6 6. Bc4 b5 7. Bb3 c5 8. Bd5 Rb8 9. c3 Nf6 10. Re1 Be7 11. Qe2 O-O 12. d3 Nxd5 13. exd5 Bd6 14. c4 bxc4 15. dxc4 Ba6 16. b3 Qc7 17. g3 f5 18. f4 Rbe8 19. Qf2 Qd8 20. Bd2 Re4 21. Na3 Rfe8 22. Nc2 R8e7 23. Qf1 Qe8 24. b4 cxb4 25. Nxb4 Bxc4 26. Qf2 Rxe1+ 27. Rxe1 Rxe1+ 28. Qxe1 Qe4 0-1

[Event "Winnipeg TNT April op"]
[Site "Winnipeg CAN"]
[Date "1999.04.06"]
[Round "1"]
[White "Gibson, Kris"]
[Black "Bays, Derek"]
[Result "1-0"]
[WhiteElo "1746"]
[BlackElo "1519"]
[PlyCount "75"]
[GameId "2160767911805218"]
[EventDate "1999.04.06"]
[EventType "swiss"]
[EventRounds "4"]
[EventCountry "CAN"]

1. e4 c6 2. d4 d5 3. exd5 cxd5 4. c4 Nf6 5. Nc3 dxc4 6. Bxc4 Bf5 7. Nf3 h6 8. O-O e6 9. Ne5 Be7 10. Bb5+ Nbd7 11. Bxd7+ Nxd7 12. Qa4 Bf6 13. Rd1 Qe7 14. Bf4 a6 15. Nc4 O-O 16. Bd6 Qd8 17. Bxf8 b5 18. Nxb5 axb5 19. Qxb5 Nxf8 20. Ne5 Be4 21. a4 Bh4 22. Qe2 Bd5 23. Qh5 Qf6 24. g3 Ng6 25. f4 Nxf4 26. gxf4 Qxf4 27. Qxf7+ Qxf7 28. Nxf7 Kxf7 29. b4 Bb3 30. Rf1+ Ke7 31. b5 Bf6 32. Rxf6 gxf6 33. a5 Rg8+ 34. Kf2 Bd5 35. b6 Rg2+ 36. Ke3 Ra2 37. Rxa2 Bxa2 38. b7 1-0

[Event "Winnipeg TNT April op"]
[Site "Winnipeg CAN"]
[Date "1999.04.06"]
[Round "1"]
[White "Schulz, Waldemar"]
[Black "Weijs, Harry"]
[Result "1-0"]
[WhiteElo "2086"]
[BlackElo "1666"]
[PlyCount "66"]
[GameId "2160767911805219"]
[EventDate "1999.04.06"]
[EventType "swiss"]
[EventRounds "4"]
[EventCountry "CAN"]

1. d4 Nf6 2. c4 e6 3. g3 Bb4+ 4. Bd2 Qe7 5. Bg2 Nc6 6. Nf3 d5 7. a3 Bxd2+ 8. Nbxd2 a5 9. O-O O-O 10. Qc2 Rd8 11. Rfd1 e5 12. dxe5 Nxe5 13. cxd5 Rxd5 14. Nb3 Rxd1+ 15. Rxd1 Nxf3+ 16. Bxf3 c6 17. Nd4 Bh3 18. Nf5 Qe6 19. Ne3 h5 20. Qc5 Bg4 21. Bxg4 hxg4 22. Qd6 Qxd6 23. Rxd6 Re8 24. Rd4 c5 25. Rc4 Ne4 26. Rc2 b5 27. Nxg4 Rc8 28. f3 Ng5 29. Kf2 a4 30. Ne5 Ne6 31. e3 Rc7 32. f4 c4 33. Nf3 Nc5 1-0

[Event "Winnipeg TNT April op"]
[Site "Winnipeg CAN"]
[Date "1999.04.06"]
[Round "1"]
[White "Trueman, Francis"]
[Black "Greenberg, Harley"]
[Result "0-1"]
[WhiteElo "1482"]
[BlackElo "1728"]
[PlyCount "56"]
[GameId "2160767911805220"]
[EventDate "1999.04.06"]
[EventType "swiss"]
[EventRounds "4"]
[EventCountry "CAN"]

1. Nf3 c5 2. g3 g6 3. Bg2 Bg7 4. d3 d5 5. O-O Nf6 6. Nbd2 O-O 7. Re1 d4 8. a4 Nc6 9. Nc4 Nd5 10. e4 dxe3 11. Nxe3 Ndb4 12. Qe2 Nd4 13. Nxd4 cxd4 14. Nd1 Qc7 15. Bf4 Qxc2 16. Qxe7 Nxd3 17. Re2 Qc4 18. Bxb7 Bxb7 19. Qxb7 Nxf4 20. Re4 Ne6 21. Ne3 Qc7 22. Qd5 dxe3 23. fxe3 Bxb2 24. Rf1 Rad8 25. Qb3 Be5 26. Rc4 Qd7 27. Re4 Bg7 28. Qc2 Qd3 0-1

[Event "Winnipeg TNT April op"]
[Site "Winnipeg CAN"]
[Date "1999.04.13"]
[Round "2"]
[White "Czypinski, Jaroslaw"]
[Black "Gibson, Kris"]
[Result "0-1"]
[WhiteElo "1954"]
[BlackElo "1746"]
[PlyCount "152"]
[GameId "2160767911805221"]
[EventDate "1999.04.06"]
[EventType "swiss"]
[EventRounds "4"]
[EventCountry "CAN"]

1. e4 c5 2. d4 cxd4 3. c3 dxc3 4. Nxc3 Nc6 5. Nf3 g6 6. Bc4 e6 7. Bf4 a6 8. O-O Nf6 9. e5 Nh5 10. Ne4 d5 11. Bg5 Qc7 12. Nf6+ Nxf6 13. Bxf6 Rg8 14. Bb3 Be7 15. Bxe7 Kxe7 16. Rc1 Bd7 17. Qd2 Rac8 18. Qg5+ Kf8 19. Qh6+ Rg7 20. Qd2 Qd8 21. Rfe1 Na5 22. Qb4+ Kg8 23. Rxc8 Bxc8 24. Rc1 Nc6 25. Qc5 f6 26. exf6 Qxf6 27. Re1 Rf7 28. h3 Qxb2 29. Ng5 Qd2 30. Qe3 Qxe3 31. Rxe3 Re7 32. Nf3 Kg7 33. Kf1 Na5 34. Bxd5 b5 35. Ke2 Kf6 36. Be4 Nc4 37. Rc3 Bb7 38. Bc2 Bxf3+ 39. Kxf3 e5 40. Ke2 Rd7 41. Bd3 Rd4 42. f3 h5 43. Rc2 h4 44. Be4 g5 45. Bb7 Rd6 46. Be4 Nb6 47. Rc7 Nc4 48. Bd3 Nb6 49. Be4 Nd5 50. Bxd5 Rxd5 51. Rc6+ Kf5 52. Rxa6 Kf4 53. a4 bxa4 54. Rxa4+ Rd4 55. Ra2 Kg3 56. Ke3 Rb4 57. Re2 Rb1 58. Ke4 Rg1 59. Kf5 Rxg2 60. Rxe5 Kxf3 61. Ra5 Kf2 62. Ra1 Rg3 63. Ra2+ Kg1 64. Kg6 Rg2 65. Ra1+ Kh2 66. Ra3 Rg3 67. Ra2+ Kxh3 68. Ra5 Rg2 69. Ra3+ Kh2 70. Ra1 h3 71. Rb1 g4 72. Kh5 Rc2 73. Kxg4 Kg2 74. Rb3 h2 75. Rg3+ Kf1 76. Rf3+ Kg1 0-1

[Event "Winnipeg TNT April op"]
[Site "Winnipeg CAN"]
[Date "1999.04.13"]
[Round "2"]
[White "Greenberg, Harley"]
[Black "Schulz, Waldemar"]
[Result "1/2-1/2"]
[WhiteElo "1728"]
[BlackElo "2086"]
[PlyCount "90"]
[GameId "2160767911805222"]
[EventDate "1999.04.06"]
[EventType "swiss"]
[EventRounds "4"]
[EventCountry "CAN"]

1. e4 c5 2. Nf3 e6 3. d4 cxd4 4. Nxd4 a6 5. Nc3 d6 6. Bc4 Nf6 7. Bb3 Bd7 8. O-O Nc6 9. f3 Qc7 10. Be3 Be7 11. a4 Na5 12. Ba2 Nc4 13. Bxc4 Qxc4 14. Qd3 Rc8 15. Rfc1 O-O 16. Nde2 h6 17. Qd2 Rfe8 18. Kh1 Bf8 19. Rg1 Bc6 20. b3 Qb4 21. Qd3 d5 22. e5 Nd7 23. f4 Nc5 24. Qd2 Red8 25. Nd4 Bd7 26. Nde2 Ne4 27. Nxe4 Qxe4 28. Bb6 Re8 29. c4 Bc5 30. Nc3 Qf5 31. Bxc5 Rxc5 32. cxd5 exd5 33. Nxd5 Qe6 34. Rgd1 Bc6 35. Nc7 Bxg2+ 36. Qxg2 Rxc7 37. Rd6 Qf5 38. Rg1 g6 39. Rf6 Qc2 40. Qd5 Kg7 41. Rb6 Rd8 42. Rd6 Re8 43. Rb6 Rd8 44. Rd6 Re8 45. Rb6 Rd8 1/2-1/2

[Event "Winnipeg TNT April op"]
[Site "Winnipeg CAN"]
[Date "1999.04.13"]
[Round "2"]
[White "Milord, Frank"]
[Black "Moffat, Ron"]
[Result "1-0"]
[WhiteElo "1760"]
[BlackElo "1669"]
[PlyCount "125"]
[GameId "2160767911805223"]
[EventDate "1999.04.06"]
[EventType "swiss"]
[EventRounds "4"]
[EventCountry "CAN"]

1. e4 c5 2. Nf3 d6 3. d4 cxd4 4. Nxd4 Nf6 5. Nc3 a6 6. Be2 e5 7. Nb3 Be7 8. Be3 Be6 9. f3 Nbd7 10. O-O b5 11. a3 Qc7 12. Kh1 Rc8 13. Rc1 Bc4 14. Bd3 O-O 15. Qd2 Nb6 16. Qf2 Nbd7 17. Rfd1 Qb7 18. Na5 Qb8 19. Bxc4 bxc4 20. b4 cxb3 21. cxb3 Bd8 22. Ba7 Qc7 23. Nc4 Be7 24. Qe3 Ra8 25. Bb6 Nxb6 26. Qxb6 Qxb6 27. Nxb6 Rab8 28. Nbd5 Nxd5 29. Nxd5 Bg5 30. Rc3 f5 31. Kg1 fxe4 32. fxe4 Rf7 33. Rf1 Bf4 34. Rcf3 Rbf8 35. g3 Be3+ 36. Kg2 Rxf3 37. Rxf3 Rxf3 38. Kxf3 Bc1 39. a4 Kf7 40. h3 h5 41. b4 Bb2 42. Nc7 a5 43. bxa5 Bd4 44. a6 g5 45. Nb5 Bc5 46. a7 Bxa7 47. Nxa7 Ke7 48. Nb5 Kd7 49. a5 Kc6 50. a6 Kb6 51. a7 Kb7 52. Nxd6+ Kxa7 53. Nf7 Kb7 54. Nxe5 Kc7 55. Nf7 g4+ 56. hxg4 hxg4+ 57. Kxg4 Kd7 58. Kf5 Ke7 59. Kg6 Kf8 60. e5 Kg8 61. e6 Kf8 62. Kf6 Ke8 63. Nd6+ 1-0

[Event "Winnipeg TNT April op"]
[Site "Winnipeg CAN"]
[Date "1999.04.20"]
[Round "3"]
[White "Gibbons, Lorne"]
[Black "Bays, Derek"]
[Result "1-0"]
[WhiteElo "1421"]
[BlackElo "1549"]
[PlyCount "57"]
[GameId "2160767911805224"]
[EventDate "1999.04.06"]
[EventType "swiss"]
[EventRounds "4"]
[EventCountry "CAN"]

1. d4 Nf6 2. c4 e6 3. Nc3 Bb4 4. Bd2 c5 5. Qb3 Nc6 6. a3 Bxc3 7. Bxc3 Nxd4 8. Bxd4 cxd4 9. Nf3 Qa5+ 10. Qb4 Qc7 11. Nxd4 a5 12. Nb5 Qb8 13. Nd6+ Ke7 14. Nb5+ d6 15. Qb3 b6 16. f3 Rd8 17. e4 Nd7 18. Rd1 Nc5 19. Qc3 f6 20. Be2 Bb7 21. O-O Na6 22. Rd2 Nc7 23. Nd4 Na6 24. Bd1 Nc5 25. Bc2 g6 26. Rfd1 Qc7 27. Nb5 Qc6 28. Rxd6 Qe8 29. Nc7 1-0